[Event "49th Rilton Cup 2019-20"]
[Site "Stockholm"]
[Date "2019.12.30"]
[Round "4.23"]
[White "Seo, Jung Min"]
[Black "Chernyak, Viktoria"]
[Result "0-1"]
[WhiteElo "2444"]
[BlackElo "2284"]
[Annotator "NA"]
[PlyCount "138"]
[EventDate "2019.12.27"]
[EventType "swiss"]
[EventCountry "SWE"]
[SourceTitle "playchess.com"]
[Source "ChessBase"]
[SourceQuality "1"]
[TimeControl "40/5400+30:1800+30"]

1. e4 {[%emt 0:00:00]} c6 {[%emt 0:00:08]} 2. d4 {[%emt 0:00:30]} d5 {[%emt 0:00:30]} 3. e5 {[%emt 0:01:10]} Bf5 {[%emt 0:00:32]} 4. Nd2 {[%emt 0:01:41]} e6 {[%emt 0:03:06]} 5. Nb3 {[%emt 0:00:30]} Nd7 {[%emt 0:00:30]} 6. Nf3 {[%emt 0:00:40]} Rc8 {[%emt 0:00:59]} 7. Be2 {[%emt 0:01:27]} c5 {[%emt 0:04:39]} 8. dxc5 {[%emt 0:10:28]} Bxc5 {[%emt 0:00:30]} 9. Nxc5 {[%emt 0:00:30]} Nxc5 {[%emt 0:01:06]} 10. Nd4 {[%emt 0:04:35]} Ne7 {[%emt 0:00:30]} 11. O-O {[%emt 0:05:04]} O-O {[%emt 0:00:50]} 12. c3 {[%emt 0:08:18]} a6 {[%emt 0:02:35]} 13. Be3 {[%emt 0:16:19]} Qc7 {[%emt 0:02:08]} 14. f4 {[%emt 0:00:56]} h6 {[%emt 0:10:58]} 15. Rc1 {[%emt 0:02:42]} b5 {[%emt 0:02:34]} 16. Qd2 {[%emt 0:01:53]} Bh7 {[%emt 0:09:37]} 17. Rfd1 {[%emt 0:02:30]} Be4 {[%emt 0:08:11]} 18. Rf1 {[%emt 0:04:02]} Qd7 {[%emt 0:13:03]} 19. Rfd1 {[%emt 0:00:33]} Rc7 {[%emt 0:05:34]} 20. b4 {[%emt 0:06:47]} Na4 {[%emt 0:14:55]} 21. Nb3 {[%emt 0:00:30]} Qc6 {[%emt 0:01:55]} 22. Nc5 {[%emt 0:00:50]} Nxc5 {[%emt 0:00:39]} 23. Bxc5 {[%emt 0:00:30]} Re8 {[%emt 0:00:49]} 24. Bf1 {[%emt 0:01:18]} Nc8 {[%emt 0:02:46]} 25. Qf2 {[%emt 0:01:44]} Rb7 {[%emt 0:00:30]} 26. Re1 {[%emt 0:13:17]} Nb6 {[%emt 0:00:30]} 27. Re3 {[%emt 0:00:30]} Nc4 {[%emt 0:03:01]} 28. Rg3 {[%emt 0:00:30]} Kh7 {[%emt 0:00:30]} 29. Bd4 {[%emt 0:00:59]} Rg8 {[%emt 0:00:30]} 30. Be2 {[%emt 0:04:43]} Qe8 {[%emt 0:01:07]} 31. Re1 {[%emt 0:03:08]} Rc7 {[%emt 0:00:41]} 32. Bg4 {[%emt 0:00:30]} Qc8 {[%emt 0:03:48]} 33. h4 {[%emt 0:01:42]} g6 {[%emt 0:02:21]} 34. h5 {[%emt 0:00:34]} gxh5 {[%emt 0:00:45]} 35. Bxh5 {[%emt 0:00:30]} Rxg3 {[%emt 0:00:30]} 36. Qxg3 {[%emt 0:00:30]} Qg8 {[%emt 0:00:30]} 37. Qf2 {[%emt 0:01:39]} Bf5 {[%emt 0:00:35]} 38. Bd1 {[%emt 0:00:54]} Qg6 {[%emt 0:00:30]} 39. Kh2 {[%emt 0:02:04]} Bg4 {[%emt 0:00:46]} 40. Bc2 {[%emt 0:00:30]} Bf5 {[%emt 0:00:30]} 41. Bd1 {[%emt 0:30:32]} Bg4 {[%emt 0:30:38]} 42. Bxg4 {[%emt 0:00:00]} Qxg4 {[%emt 0:00:00]} 43. Rf1 {[%emt 0:00:00]} Qh5+ {[%emt 0:00:00]} 44. Kg1 {[%emt 0:00:00]} Qf5 {[%emt 0:00:00]} 45. Qh4 {[%emt 0:00:00]} Rc8 {[%emt 0:00:00]} 46. Rf3 {[%emt 0:00:00]} Rg8 {[%emt 0:00:00]} 47. Rh3 {[%emt 0:00:00]} Rg6 {[%emt 0:00:00]} 48. Rg3 {[%emt 0:00:00]} Nd2 {[%emt 0:00:00]} 49. Rxg6 {[%emt 0:00:00]} Qxg6 {[%emt 0:00:00]} 50. Kh2 {[%emt 0:00:00]} Qf5 {[%emt 0:00:00]} 51. Bc5 {[%emt 0:00:00]} Ne4 {[%emt 0:00:00]} 52. Bd4 {[%emt 0:00:00]} h5 {[%emt 0:00:00]} 53. Kg1 {[%emt 0:00:00]} Qg4 {[%emt 0:00:00]} 54. Qxg4 {[%emt 0:00:00]} hxg4 {[%emt 0:00:00]} 55. Kf1 {[%emt 0:00:00]} Kg6 {[%emt 0:00:00]} 56. Ke2 {[%emt 0:00:00]} Kf5 {[%emt 0:00:00]} 57. Ke3 {[%emt 0:00:00]} Ng3 {[%emt 0:00:00]} 58. Ba7 {[%emt 0:00:00]} Nh5 {[%emt 0:00:00]} 59. Kd4 {[%emt 0:00:00]} Nxf4 60. Kc5 {[%emt 0:00:00]} Nxg2 {[%emt 0:00:00]} 61. Kb6 Ne3 {[%emt 0:00:00]} 62. Kxa6 {[%emt 0:00:00]} Ke4 {[%emt 0:00:00]} 63. Kxb5 {[%emt 0:00:00]} g3 {[%emt 0:00:00]} 64. a4 {[%emt 0:00:00]} g2 {[%emt 0:00:00]} 65. Bxe3 {[%emt 0:00:00]} Kxe3 {[%emt 0:00:00]} 66. a5 {[%emt 0:00:00]} g1=Q {[%emt 0:00:00]} 67. a6 {[%emt 0:00:00]} Kd3 {[%emt 0:00:00]} 68. Kc6 {[%emt 0:00:00]} Kxc3 {[%emt 0:00:00]} 69. b5 {[%emt 0:00:00]} Qa7 {[%emt 0:00:00]} 0-1

[Event "49th Rilton Cup 2019-20"]
[Site "Stockholm"]
[Date "2019.12.30"]
[Round "4.24"]
[White "Piesik, Piotr"]
[Black "Foisor, Sabina-Francesca"]
[Result "1-0"]
[WhiteElo "2417"]
[BlackElo "2274"]
[Annotator "NA"]
[PlyCount "187"]
[EventDate "2019.12.27"]
[EventType "swiss"]
[EventCountry "SWE"]
[SourceTitle "playchess.com"]
[Source "ChessBase"]
[SourceQuality "1"]
[TimeControl "40/5400+30:1800+30"]

1. d4 {[%emt 0:00:00]} d5 {[%emt 0:01:22]} 2. c4 {[%emt 0:00:00]} e6 {[%emt 0:00:13]} 3. Nf3 {[%emt 0:00:24]} Nf6 {[%emt 0:00:47]} 4. Nc3 {[%emt 0:00:15]} dxc4 {[%emt 0:06:33]} 5. Qa4+ {[%emt 0:10:04]} Bd7 {[%emt 0:10:05]} 6. Qxc4 {[%emt 0:00:28]} Bc6 {[%emt 0:07:53]} 7. Bg5 {[%emt 0:06:02]} Bxf3 {[%emt 0:18:02]} 8. gxf3 {[%emt 0:00:16]} Nc6 {[%emt 0:13:27]} 9. O-O-O {[%emt 0:05:29]} Qd6 {[%emt 0:09:50]} 10. e4 {[%emt 0:17:56]} Qb4 {[%emt 0:01:33]} 11. e5 {[%emt 0:08:32]} h6 {[%emt 0:05:25]} 12. Bh4 {[%emt 0:05:23]} g5 {[%emt 0:04:36]} 13. Bg3 {[%emt 0:08:01]} Nd5 {[%emt 0:04:12]} 14. Nxd5 {[%emt 0:01:40]} exd5 {[%emt 0:00:00]} 15. Qxd5 {[%emt 0:00:27]} Rd8 {[%emt 0:00:02]} 16. Qb5 {[%emt 0:00:18]} h5 {[%emt 0:07:49]} 17. h4 {[%emt 0:05:49]} gxh4 {[%emt 0:00:48]} 18. Rxh4 {[%emt 0:00:30]} Be7 {[%emt 0:00:13]} 19. Re4 {[%emt 0:01:11]} h4 {[%emt 0:01:20]} 20. Bh2 {[%emt 0:00:42]} Qxb5 {[%emt 0:01:15]} 21. Bxb5 {[%emt 0:00:06]} a6 {[%emt 0:00:14]} 22. Ba4 {[%emt 0:01:58]} b5 {[%emt 0:00:56]} 23. Bb3 {[%emt 0:00:05]} Na5 {[%emt 0:01:39]} 24. Bc2 {[%emt 0:01:32]} c6 {[%emt 0:00:27]} 25. e6 {[%emt 0:02:30]} Bd6 {[%emt 0:01:00]} 26. Rh1 {[%emt 0:01:19]} Bxh2 {[%emt 0:01:41]} 27. Rxh2 {[%emt 0:02:00]} fxe6 {[%emt 0:00:02]} 28. Rxe6+ {[%emt 0:00:41]} Kd7 {[%emt 0:00:34]} 29. Re4 {[%emt 0:01:28]} Rdf8 {[%emt 0:00:36]} 30. Bd1 {[%emt 0:01:19]} h3 {[%emt 0:00:19]} 31. f4 {[%emt 0:04:03]} Rh4 {[%emt 0:00:23]} 32. Rxh3 {[%emt 0:02:31]} Rhxf4 {[%emt 0:00:02]} 33. f3 {[%emt 0:01:50]} Nc4 {[%emt 0:00:31]} 34. Rh7+ {[%emt 0:00:49]} Kd6 {[%emt 0:01:00]} 35. Be2 {[%emt 0:01:58]} R8f7 {[%emt 0:01:05]} 36. Rh4 {[%emt 0:05:09]} Rxh4 {[%emt 0:00:19]} 37. Rxh4 {[%emt 0:00:03]} Kd5 {[%emt 0:01:01]} 38. b3 {[%emt 0:00:49]} Ne3 {[%emt 0:00:33]} 39. Kd2 {[%emt 0:02:54]} Ng2 {[%emt 0:00:09]} 40. Re4 {[%emt 0:02:40]} Nf4 {[%emt 0:01:27]} 41. Bd1 {[%emt 0:03:12]} a5 {[%emt 0:15:52]} 42. Be2 {[%emt 0:03:56]} Rf6 {[%emt 0:02:31]} 43. a4 {[%emt 0:03:13]} Nxe2 {[%emt 0:03:47]} 44. Kxe2 {[%emt 0:00:40]} bxa4 {[%emt 0:00:44]} 45. bxa4 {[%emt 0:00:05]} Kc4 {[%emt 0:02:44]} 46. Ke3 {[%emt 0:00:16]} Kb3 {[%emt 0:01:39]} 47. Re8 {[%emt 0:00:45]} Kxa4 {[%emt 0:00:56]} 48. Rb8 {[%emt 0:00:06]} Re6+ {[%emt 0:02:11]} 49. Kd3 {[%emt 0:00:43]} Rf6 {[%emt 0:03:08]} 50. Ke4 {[%emt 0:00:05]} Re6+ {[%emt 0:00:02]} 51. Kf5 {[%emt 0:00:58]} Re3 {[%emt 0:00:57]} 52. f4 {[%emt 0:00:04]} Ka3 {[%emt 0:00:36]} 53. Rb6 {[%emt 0:00:33]} a4 {[%emt 0:00:20]} 54. Rxc6 {[%emt 0:01:46]} Kb2 {[%emt 0:00:01]} 55. d5 {[%emt 0:02:05]} a3 {[%emt 0:00:06]} 56. Rb6+ {[%emt 0:00:18]} Kc2 {[%emt 0:01:13]} 57. d6 {[%emt 0:01:49]} a2 {[%emt 0:00:11]} 58. Ra6 {[%emt 0:00:02]} Kb2 {[%emt 0:00:18]} 59. d7 {[%emt 0:00:15]} Rd3 {[%emt 0:00:46]} 60. Ke6 {[%emt 0:00:23]} a1=Q {[%emt 0:00:58]} 61. Rxa1 {[%emt 0:00:15]} Kxa1 {[%emt 0:00:03]} 62. f5 {[%emt 0:00:12]} Re3+ {[%emt 0:00:05]} 63. Kf7 {[%emt 0:00:15]} Rd3 {[%emt 0:00:04]} 64. Ke7 {[%emt 0:00:13]} Re3+ {[%emt 0:00:04]} 65. Kf8 {[%emt 0:00:21]} Rd3 {[%emt 0:00:03]} 66. Ke8 {[%emt 0:00:04]} Re3+ {[%emt 0:00:07]} 67. Kd8 {[%emt 0:00:07]} Rf3 {[%emt 0:00:24]} 68. f6 {[%emt 0:00:08]} Kb2 {[%emt 0:03:03]} 69. Kc7 {[%emt 0:00:18]} Rc3+ {[%emt 0:00:07]} 70. Kb6 {[%emt 0:00:59]} Rb3+ {[%emt 0:01:40]} 71. Kc5 {[%emt 0:00:18]} Rc3+ {[%emt 0:00:41]} 72. Kd4 {[%emt 0:00:18]} Kc2 {[%emt 0:00:07]} 73. f7 {[%emt 0:00:20]} Rd3+ {[%emt 0:00:12]} 74. Ke4 {[%emt 0:00:06]} Rxd7 {[%emt 0:00:15]} 75. f8=Q {[%emt 0:00:08]} Rd2 {[%emt 0:00:42]} 76. Qc5+ {[%emt 0:00:32]} Kd1 {[%emt 0:00:37]} 77. Qc4 {[%emt 0:00:43]} Re2+ {[%emt 0:00:44]} 78. Kd3 {[%emt 0:00:22]} Rd2+ {[%emt 0:00:13]} 79. Ke3 {[%emt 0:00:06]} Rb2 {[%emt 0:00:16]} 80. Qd3+ {[%emt 0:03:13]} Kc1 {[%emt 0:00:04]} 81. Qc3+ {[%emt 0:00:09]} Kb1 {[%emt 0:00:12]} 82. Kd3 {[%emt 0:00:10]} Ka2 {[%emt 0:00:55]} 83. Qd4 {[%emt 0:03:14]} Kb3 {[%emt 0:00:58]} 84. Qc3+ {[%emt 0:00:32]} Ka2 {[%emt 0:00:04]} 85. Qa5+ {[%emt 0:00:02]} Kb1 {[%emt 0:00:26]} 86. Qa4 {[%emt 0:00:07]} Rh2 {[%emt 0:00:56]} 87. Qb3+ {[%emt 0:02:28]} Rb2 {[%emt 0:00:31]} 88. Qd1+ {[%emt 0:00:09]} Ka2 {[%emt 0:00:03]} 89. Kc3 {[%emt 0:00:06]} Rh2 {[%emt 0:01:17]} 90. Qa4+ {[%emt 0:00:59]} Kb1 {[%emt 0:00:04]} 91. Qb5+ {[%emt 0:00:10]} Ka1 {[%emt 0:00:10]} 92. Qa6+ {[%emt 0:00:14]} Kb1 {[%emt 0:00:13]} 93. Qb6+ {[%emt 0:00:14]} Ka2 {[%emt 0:00:22]} 94. Qa7+ {[%emt 0:00:07]} 1-0

[Event "49th Rilton Cup 2019-20"]
[Site "Stockholm"]
[Date "2019.12.31"]
[Round "5.1"]
[White "Urkedal, Frode Olav Olsen"]
[Black "Moradiabadi, Elshan"]
[Result "1/2-1/2"]
[WhiteElo "2545"]
[BlackElo "2539"]
[Annotator "TA"]
[PlyCount "93"]
[EventDate "2019.12.27"]
[EventType "swiss"]
[EventCountry "SWE"]
[SourceTitle "playchess.com"]
[Source "ChessBase"]
[SourceQuality "1"]

{[%evp 22,93,45,16,31,30,44,46,55,14,27,20,23,20,37,12,17,18,40,37,34,43,40,50,46,25,32,32,43,34,43,43,38,35,31,34,42,39,45,41,41,38,59,43,66,63,175,41,41,37,40,13,16,19,10,8,8,8,7,0,0,0,0,0,0,0,0,0,0,0,0,0,0,0]} 1. c4 e6 2. Nc3 d5 3. d4 Nf6 4. cxd5 exd5 5. Bg5 Be7 6. e3 c6 7. Bd3 Nbd7 8. Qc2 O-O 9. Nf3 Re8 10. O-O Nf8 11. h3 g6 12. Ne5 Nh5 {D36: Queen's Gambit Declined: Exchange Variation: Main line (5 Bg5 c6 6 Qc2)} (12... N6d7 13. Bxe7 Qxe7 14. f4 f6 15. Ng4 Nb6 16. f5 g5 17. e4 h5 18. Nf2 Bd7 19. Rae1 Qd6 20. e5 fxe5 {0-1 (61) Volkov,S (2637)-Ahlander,B (2432) Lund 2017}) 13. Bxe7 Rxe7 14. b4 Ng7 {White is slightly better.} 15. Na4 $146 {[%cal Bc3a4,Ba4c5,Bc5d3,Bd3f4][%mdl 32]} ({Predecessor:} 15. Qb3 Nd7 16. Nf3 a6 17. a4 Nf6 18. b5 a5 19. bxc6 bxc6 20. Rab1 {1-0 (41) Yao,S (2293)-Lizzul,C (1829) Arvier 2017}) 15... Bf5 16. Nc5 Rc8 17. Rfc1 f6 18. Ng4 {With the idea Nh6+.} Bxd3 19. Nxd3 Ne8 20. b5 h5 21. Nh2 Nd6 22. Nf4 Qe8 23. Qc5 Rd7 24. bxc6 bxc6 25. Qc2 Rg7 26. Qe2 Nd7 {[%cal Bf8d7,Bd7b6,Bb6c4][%mdl 32]} 27. Rc2 Nb6 28. Nf1 Nbc4 29. Nd2 Rh7 30. Nd3 Nxd2 31. Rxd2 g5 32. Rc2 Rg7 33. Rac1 g4 {[#]} (33... Nc4 $14) 34. hxg4 (34. Nf4 $1 $18) 34... hxg4 $14 35. Nf4 {Hoping for Qa6.} g3 36. fxg3 Rxg3 {The position is equal.} 37. Nh5 Rg6 38. Qf3 f5 $1 39. Nf4 Rh6 40. g4 fxg4 41. Rg2 Kh7 42. Rxg4 Qf7 43. Rc2 Rb8 44. Qd1 Nf5 {White must now prevent ...Qe8.} 45. Rh2 Rxh2 46. Kxh2 {Strongly threatening Qc2.} Rb2+ {[%mdl 64] [#] Double Attack} 47. Rg2 {Accuracy: White = 73%, Black = 56%.} 1/2-1/2

[Event "49th Rilton Cup 2019-20"]
[Site "Stockholm"]
[Date "2019.12.31"]
[Round "5.2"]
[White "Nesterov, Arseniy"]
[Black "Pantzar, Milton"]
[Result "1/2-1/2"]
[WhiteElo "2482"]
[BlackElo "2410"]
[Annotator "TA"]
[PlyCount "39"]
[EventDate "2019.12.27"]
[EventType "swiss"]
[EventCountry "SWE"]
[SourceTitle "playchess.com"]
[Source "ChessBase"]
[SourceQuality "1"]

{[%evp 15,39,16,20,10,0,0,12,0,0,0,0,0,2,8,4,0,0,0,0,0,0,0,0,0,0,0]} 1. d4 d5 2. c4 c6 3. Nf3 Nf6 4. e3 e6 5. Nc3 Nbd7 6. Qc2 Be7 7. Bd3 O-O 8. O-O b6 {The position is equal.} 9. e4 {D46: Semi-Slav: 5 e3 Nbd7 6 Bd3, Black avoids the Meran} dxe4 $1 10. Nxe4 Bb7 11. Nxf6+ (11. Qe2 c5 12. Nxf6+ Bxf6 13. dxc5 Nxc5 14. Bc2 Qc7 15. Rb1 Rfd8 16. b4 Nd7 17. Bb3 Ne5 18. Nxe5 Bxe5 19. f4 Bd4+ {0-1 (30) Reshetnikov,A (2508)-Le,Q (2705) Moscow 2013}) 11... Nxf6 12. Rd1 Qc7 13. c5 bxc5 14. dxc5 h6 15. Qc4 Nd5 16. Qe4 {[%csl Gd3][%cal Re4h7] [#]} Nf6 17. Qc4 Nd5 $146 ({Predecessor:} 17... e5) 18. Qe4 {[%csl Gd3][%cal Re4h7]} Nf6 19. Qh4 Nd5 20. Qe4 1/2-1/2

[Event "49th Rilton Cup 2019-20"]
[Site "Stockholm"]
[Date "2019.12.31"]
[Round "5.3"]
[White "Kollars, Dmitrij"]
[Black "Dhulipalla Bala Chandra Prasad"]
[Result "1/2-1/2"]
[WhiteElo "2584"]
[BlackElo "2414"]
[Annotator "TA"]
[PlyCount "176"]
[EventDate "2019.12.27"]
[EventType "swiss"]
[EventCountry "SWE"]
[SourceTitle "playchess.com"]
[Source "ChessBase"]
[SourceQuality "1"]

{[%evp 10,176,38,22,45,22,25,14,42,3,36,22,29,40,30,20,34,33,45,0,18,24,36,27,62,45,64,55,65,64,66,65,59,37,39,38,60,18,61,60,109,109,99,89,94,93,92,103,92,73,52,46,53,46,72,71,71,64,77,71,68,55,79,71,66,50,45,9,81,64,53,56,62,58,139,114,278,285,268,222,199,222,226,205,347,243,243,243,243,243,246,199,211,227,241,241,200,220,215,145,168,159,181,0,124,67,370,298,572,569,609,618,608,579,618,595,558,533,552,529,487,401,263,52,67,77,57,59,59,63,69,86,449,45,59,69,1504,0,0,0,0,0,0,0,0,0,0,0,0,0,0,0,0,0,0,0,0,0,0,0,0,0,0,0,0,0,0,0,0]} 1. e4 e5 2. Nf3 Nc6 3. Bc4 Nf6 4. d3 h6 5. c3 d6 6. O-O g5 {C55: Two Knights: 4 d3, 4 d4 exd4 5 e5 and Max Lange Attack} 7. Re1 $146 (7. Nbd2 Bg7 8. Bb3 Nh5 9. Nc4 Nf4 10. Ne3 Be6 11. d4 exd4 12. Nf5 Bxf5 13. exf5 dxc3 14. bxc3 {½-½ (41) Svidler,P (2735)-Vallejo Pons,F (2693) Karlsruhe/Baden Baden 2019}) 7... a6 8. a4 Bg7 9. a5 O-O 10. h3 Ne7 11. Nbd2 {[%cal Bb1d2,Bd2f1,Bf1g3,Bg3f5][%mdl 32]} Ng6 12. Nf1 Be6 13. Ng3 Qd7 14. Qb3 c6 15. Bxe6 fxe6 16. d4 Nh7 17. Nf5 Kh8 18. Nxg7 Kxg7 19. Qd1 exd4 20. cxd4 Rf7 21. Be3 Raf8 22. Nd2 Nf6 23. Ra3 (23. e5 $5 {[%cal Re5f6]} Nd5 24. Ne4 $14) 23... Ne8 24. e5 d5 25. Nb3 Nc7 26. Nc5 Qc8 27. Qg4 Rf5 28. Rd3 R8f7 29. Rf1 Nb5 30. Bd2 Qe8 31. Rg3 Kh7 32. Be3 Qe7 33. Kh2 Nf4 34. Qd1 Ng6 35. Qd2 Rf8 36. Rg4 R5f7 37. Nd3 Rf5 $1 38. Qc1 R8f7 (38... Qf7 $11) 39. f4 Qf8 40. Nc5 Qe7 41. g3 Nf8 (41... Rg7 $14) 42. Rg1 $16 {[%cal Rf4g5]} Rg7 $2 (42... Ng6 $16) 43. fxg5 $18 hxg5 44. Rf1 Qf7 45. Kg2 Kg8 46. Bxg5 Qh5 (46... Rxf1 $142 47. Qxf1 Qxf1+ 48. Kxf1 Nxd4) 47. Bh6 Rxg4 48. hxg4 Qxg4 49. Qd1 $1 {[%cal Rd1g4]} Qxd4 50. Qxd4 Nxd4 51. Bxf8 $1 Rxf1 ({Inferior is} 51... Rxf8 52. Rxf8+ (52. Rd1 Nc2 $17) 52... Kxf8 53. g4 $14) 52. Kxf1 Kxf8 {[%mdl 4096] Endgame KN-KN} 53. Kf2 $1 Kf7 54. Ke3 {[%mdl 1024] White has strong compensation.} Nf5+ 55. Kf4 Ne7 {Threatening ...Ng6+.} 56. Ke3 ({White should try} 56. Nxb7 $18 Ng6+ 57. Kg5 Nxe5 58. Nc5) 56... Nf5+ $16 {[#]} 57. Kf3 $1 Ne7 $2 {[%mdl 8192]} (57... Nd4+ $1 $14 58. Ke3 Nf5+) 58. Nxb7 $18 Ng6 $2 (58... Ke8 59. Nc5 Ng6 60. Nxe6 Nxe5+ 61. Ke2 c5 62. Nxc5 Nc6 63. Nxa6 Nxa5 64. Nc7+ Ke7 65. Nxd5+ Ke6) 59. Nd8+ {[%mdl 64] Double Attack} Ke7 60. Nxc6+ Kd7 61. Nb8+ {[%mdl 64] Double Attack} Ke7 62. Nxa6 Nxe5+ 63. Ke2 Nc6 64. b4 e5 65. Kd3 Kd6 {[#] and the idea ...e4+ leaves Black hopeful.} 66. Kc3 $2 (66. Ke3 $1 $18) 66... e4 67. Nc5 d4+ 68. Kc4 e3 69. Nd3 e2 {aiming for ...Ne5+.} 70. Ne1 Ke5 $2 {[%mdl 8192]} (70... d3 $16 71. Kxd3 Nxb4+ 72. Kxe2 Kc7) 71. Kd3 $2 (71. a6 $18 {Hoping for b5.} Ke4 72. b5) 71... Nxb4+ $14 72. Kxe2 {Intending Nd3+ and mate.} Ke4 $2 {[%mdl 8192]} (72... Nc6 $14) 73. Nd3 $2 ({White must play} 73. g4 $18 {Black must now prevent Kd2.} Na6 74. g5) 73... Nxd3 $11 {KN-KPP. The position is equal.} 74. a6 Nb2 $1 ({Don't blunder} 74... Nc1+ $2 75. Kd1 $18) 75. a7 d3+ 76. Kf2 d2 77. a8=Q+ Kd3 78. Qd5+ Kc2 79. Qe4+ Kc1 80. Qc6+ Kb1 81. Qg6+ Kc1 82. Qg5 {And now Ke2 would win.} Kc2 $1 83. Qc5+ Kb1 84. Qf5+ Kc1 85. Qg5 {White wants to mate with Ke2.} Kc2 $1 86. Qc5+ Kb1 87. Qf5+ Kc1 88. Qc5+ Kb1 {Accuracy: White = 67%, Black = 44%.} 1/2-1/2

[Event "49th Rilton Cup 2019-20"]
[Site "Stockholm"]
[Date "2019.12.31"]
[Round "5.4"]
[White "Rathanvel, V S"]
[Black "Volkov, Sergey"]
[Result "0-1"]
[WhiteElo "2411"]
[BlackElo "2578"]
[Annotator "TA"]
[PlyCount "74"]
[EventDate "2019.12.27"]
[EventType "swiss"]
[EventCountry "SWE"]
[SourceTitle "playchess.com"]
[Source "ChessBase"]
[SourceQuality "1"]

{[%evp 10,100,4,0,6,3,21,20,37,35,25,16,43,-13,31,-29,-32,-17,0,0,0,0,1,2,1,-22,-1,-8,0,-14,0,-4,16,-20,-14,-24,-25,-17,-2,-26,37,-54,-70,-53,-68,-64,-79,-53,-44,-144,-123,-145,-134,-157,-157,-193,-176,-260,-259,-247,-253,-255,-254,-256,-253,-327,-333,-316,-308,-425,-397,-672,-661,-693,-592,-866,-579,-1162,-1192,-29982,-29983,-29982,-29982,-29982,-29983,-29983,-29984,-29984,-29982,-29986,-29987,-29988,-29989]} 1. e4 e6 2. d4 d5 3. Nc3 Nf6 4. e5 Nfd7 5. f4 c5 6. Nf3 Be7 {C11: French: Classical System: 4 e5 and 4 Bg5 dxe4} (6... Nc6 7. Be3 cxd4 8. Nxd4 Bc5 9. Qd2 Bxd4 10. Bxd4 Nxd4 11. Qxd4 Qb6 12. Qxb6 Nxb6 13. h4 Bd7 14. h5 h6 15. O-O-O Ke7 16. Bd3 a6 17. Rh3 Na4 18. Ne2 Nc5 19. Nd4 Rac8 20. Rg3 Rhg8 {1-0 (65) Karjakin,S (2750)-Carlsen,M (2882) Saint Louis 2019}) 7. Be3 b6 8. h4 Bb7 {The position is equal.} 9. Qd2 Nc6 10. h5 h6 11. g3 $146 (11. O-O-O $14) ({Predecessor:} 11. O-O-O c4 12. f5 b5 13. fxe6 fxe6 14. Nxb5 {1-0 (39) Melendez Fierro,J (2134)-Roque Sola,G (2061) Aragon 2017}) 11... Rc8 12. a3 (12. O-O-O $1 $14) 12... a6 $11 13. Bh3 Qc7 14. Ne2 cxd4 15. Nexd4 Nc5 16. O-O O-O 17. Qe1 Rce8 18. Rd1 Nxd4 19. Nxd4 Bc8 20. Rf2 Bd7 21. Nf3 Ne4 $36 {[%mdl 2048] Black has some pressure.} 22. Rh2 Bc5 23. Bd4 f6 24. Re2 Re7 (24... Bb5 $11 25. Rg2 Qe7) 25. exf6 ({White should try} 25. c4 $1 $14) 25... gxf6 $15 {aiming for ...e5.} 26. Bxc5 Qxc5+ 27. Kh2 Be8 28. Nd4 f5 29. Rd3 ({White should play} 29. Rg2 $15) 29... Bxh5 $17 30. Ree3 Kh7 31. c3 b5 32. Bg2 Rg8 33. Bxe4 (33. Qa1 $142) 33... fxe4 $19 ({Don't take} 33... dxe4 34. Rd2 $17) 34. Rd2 Bg4 35. Kg1 Qd6 36. Rh2 Reg7 37. Rh4 Rf8 {Played: e6-e5} 0-1

[Event "49th Rilton Cup 2019-20"]
[Site "Stockholm"]
[Date "2019.12.31"]
[Round "5.5"]
[White "Thybo, Jesper Sondergaard"]
[Black "Kaasen, Tor Fredrik"]
[Result "1-0"]
[WhiteElo "2576"]
[BlackElo "2385"]
[Annotator "TA"]
[PlyCount "89"]
[EventDate "2019.12.27"]
[EventType "swiss"]
[EventCountry "SWE"]
[SourceTitle "playchess.com"]
[Source "ChessBase"]
[SourceQuality "1"]

{[%evp 10,89,11,0,14,10,25,11,77,77,77,85,90,88,89,87,75,72,118,95,164,139,142,135,132,107,109,103,102,59,62,58,57,51,61,58,56,26,37,-15,0,0,1,5,33,0,0,-8,10,8,18,11,116,123,213,207,575,564,541,519,747,543,551,452,412,322,477,478,497,475,612,612,875,872,849,835,29996,29997,29997,29998,29998,29999]} 1. d4 Nf6 2. c4 e6 3. Nc3 Bb4 4. f3 c5 5. d5 exd5 6. cxd5 O-O {E20: Nimzo-Indian: 4 g3 and 4 f3} (6... d6 7. e4 O-O 8. Nge2 Nbd7 9. Ng3 a6 10. a4 Ne5 11. Be2 Re8 12. O-O c4 13. Kh1 Bd7 14. Be3 Rc8 15. Qd2 Bc5 16. Bxc5 Rxc5 {0-1 (43) Santos Latasa,J (2586)-Socko,B (2625) Abu Dhabi 2019}) 7. e4 Re8 8. Nge2 b5 (8... d6 $11) 9. Ng3 $16 a6 10. Be2 d6 11. O-O Nbd7 {[#]} 12. a4 $1 bxa4 13. Qxa4 Qb6 $146 ({Predecessor:} 13... Nb6 14. Qc2 Bd7 15. Kh1 c4 16. Bd2 {1-0 (46) Kobo,O (2508)-Gomes,M (2284) Pardubice 2018}) 14. Kh1 h5 (14... a5 $16 {was called for.}) 15. Bb5 Rb8 16. Bc6 ({Stronger than} 16. Bxa6 Ra8 $15) 16... Qc7 17. Bg5 {Threatens to win with Bxf6.} Nh7 18. Bd2 g6 19. Rae1 Nb6 {[%cal Bd7b6,Bb6c4,Bc4e5,Be5d3][%mdl 32]} 20. Qc2 Bd7 21. Bxd7 $1 Qxd7 22. h3 Nc4 23. Bc1 Qb7 24. Qd3 ({Better is} 24. Bf4 $14) 24... Ne5 25. Qd2 c4 26. Qh6 Nd3 27. Re2 (27. Be3 $5 {[%cal Re3d4]} Bc5 28. Bxc5 Nxc5 29. Rb1 $11) 27... Bc5 28. f4 $1 Nxc1 (28... Bd4 $5 29. e5 $8 Qe7 $11) 29. Rxc1 {And now f5 would win.} Qe7 30. e5 {Black must now prevent Nge4.} dxe5 (30... Bd4 $11 {keeps the balance.}) 31. fxe5 {aiming for d6.} Qh4 {[#]} (31... Qg5 $16 32. Qxg5 Nxg5) 32. e6 $1 $40 {[%cal Re6f7][%mdl 128] White threatens exf7+ and mate. Black is in trouble.} fxe6 $2 (32... Kh8) 33. Qxg6+ {[%mdl 64] Double Attack} Kh8 {With the idea ...Rg8.} 34. Nce4 Bd4 {[#]} 35. Nd6 $1 {[%cal Rd6f7][%mdl 512]} Rf8 36. Re4 Qf6 37. Qxf6+ Bxf6 (37... Rxf6 {was necessary.} 38. Rxd4 e5) 38. dxe6 Bxb2 39. Rcxc4 Ba3 40. Nf7+ Kg7 41. Nxh5+ Kg6 42. Rg4+ Kxh5 43. Rh4+ {White mates.} Kg6 44. Rh6+ Kg7 45. Rg4+ {Accuracy: White = 72%, Black = 41%.} 1-0